• 首页
  • 本馆介绍
  • 公告通知
  • 最新文献
  • 馆藏检索
  • 电子资源
  • 读者导购
  • 参考咨询
  • 我的图书馆
  • 登录
  • 详细信息显示
  • 放入我的书架
  • 预约/预借图书
  • 作者相关作品
  • 分类相关作品
  • 丛书相关作品
  • 出版社相关作品

书目信息

  • 表格格式
  • 工作单格式
  • 卡片格式
题名:
社会学研究方法
    
 
作者: 风笑天 著
分册:  
出版信息: 北京   中国人民大学出版社  2001
页数: 382页
开本: 16开
丛书名:
单 册:
中图分类: C91-03
科图分类:
主题词: 社会学--研究方法
电子资源:
ISBN: 7-300-03713-5
000 00587nam0 2200205 45
001 0301161520
005 20031219104103.6
010    @a7-300-03713-5@dCNY29.00
100    @a20030116d2001 km y0chiy0120 ea
101 0  @achi
105    @a z 000yy
200 1  @a社会学研究方法@AShe Hui Xue Yan Jiu Fang Fa@f风笑天著@FFeng Xiao Tian Zhu
210    @a北京@c中国人民大学出版社@d2001
215    @a382页@d16开
300    @a21世纪社会学系列教材
606 0  @a社会学@x研究方法
690    @aC91-03@v4
701    @a风笑天@4著
801    @aCN@bTSTC@c20030116
905    @b319511-515@dC91-03@e294@f5
    
    社会学研究方法/风笑天著.-北京:中国人民大学出版社,2001
    382页;16开
    21世纪社会学系列教材
    
    ISBN 7-300-03713-5:CNY29.00
    
●
相关链接 在E读中查询图书 在五车中查询图书 在当当中查询图书 在豆瓣中查询图书


正题名:社会学研究方法     索取号:C91-03/294         预约/预借

序号 登录号 条形码 馆藏地/架位号 状态 备注
1 0319511   203195112   第一借阅区/ [索取号:C91-03/294] 在馆    
2 0319512   203195121   教育系资料室/ [索取号:C91-03/294] 在馆    
3 0319513   203195130   教育系资料室/ [索取号:C91-03/294] 在馆    
4 0319514   203195149   第一借阅区/ [索取号:C91-03/294] 在馆    
5 0319515   203195158   第一样本阅览室/ [索取号:C91-03/294] 在馆    
唐山师范学院图书馆 欢迎您!
大连网信软件有限公司© 版权所有